Statistics for Countries Bordering Italy

Click here to take the quiz!

General Stats

  • This quiz has been taken 20,614 times
  • The average score is 5 of 6

Answer Stats

Country % Correct
France
96%
Switzerland
94%
Austria
90%
Vatican City
86%
San Marino
83%
Slovenia
80%

Score Distribution

Percentile by Number Answered

Percent of People with Each Score

Your Score History

You have not taken this quiz